000
00459nam a2200157Ia 4500
008
090124s9999 xx 000 0 und d
082
_b
114657
245
_a
एका पराभवाची कहानी
250
_a
1
260
_c
1972
300
_a
304
630
_a
एका पराभवाची कहानी
700
_a
भावे अनंत
730
_a
एका पराभवाची कहानी
942
_c
BOOK
999
_c
160748
_d
160748